000 00341nam a2200121Ia 4500
008 220217s9999 xx 000 0 und d
245 0 _aSpecification for classification system for vulcanized rubbers.
260 _c1975
500 _aStandard number: BS 5176
650 _aClassification system
650 _aVulcanized rubber
942 _cST
999 _c73109
_d73109